01009cam a2200289 a 4500999001700000001000800017003000600025005001700031008004100048010001700089020003500106020001500141020001800156040001800174050002200192082001700214100002400231245009500255250002700350260006100377300002100438504005100459650002900510906004500539942001500584952012000599 c10001d100012156070GBCCL20241126110723.0990106s1998 ilu b 001 0 eng  a 99010869  a083081793X (pbk. : alk. paper) a1844749991 a9781844749997 aDLCcDLCdDLC00aBT75.2b.M49 199800a230221bMIL1 aMilne, Bruce.9465110aKnow the truth :ba handbook of Christian belief /cBruce Milne ; foreword by J.I. Packer. a2nd edition , Rev. ed. aDowners Grove, Ill. :bInterVarsity Press,c2006, c1998. a352 p. ;c21 cm. aIncludes bibliographical references and index. 0aTheology, Doctrinal.914 a7bcbccorignewd1eocipf19gy-gencatlg 2ddccBK04 00102ddc4070aGBCbGBCcTHd2024-01-13l4o230 MILp016437r2025-05-01 00:00:00s2024-08-26tc.1w2024-01-13yBK